000 00515 a2200169 4500
020 _a0070552940
040 _aDLC
082 _a621.3817
100 1 _aSchilling, Donald
245 0 0 _aElectronic circuits : discrete and integrated
_bdiscrete and integrated
_cDonald L. Schilling, Charles Belove
250 _a2. ed.
260 _aNew York :
_bMcGraw-Hill,
_ccop. 1979
300 _a811 s.
440 0 _aMcGraw-Hill series in electrical engineering.
700 1 _aBelove, Charles
942 _cBK
_k621.3817 SCH
_2ddc
999 _c8115
_d8115